Statistics for Top 10 Football Scorers by League

Click here to take the quiz!

General Stats

  • This quiz has been taken 447 times
    (214 since last reset)
  • The average score is 9 of 52

Answer Stats

Player% Correct
Cristiano Ronaldo
93%
Lionel Messi
91%
Alan Shearer
73%
Robert Lewandowski
73%
Gerd Müller
71%
Dieter Müller
70%
Raul
51%
Karim Benzema
49%
Alessandro Del Piero
43%
Francesco Totti
39%
Alfredo Di Stefano
35%
Ciro Immobile
23%
Roberto Baggio
20%
Antonio Di Natale
19%
Hugo Sanchez
17%
Jimmy Greaves
13%
Giusseppe Meazza
12%
Claudio Pizarro
8%
Dixie Dean
7%
Silvio Piola
7%
Jupp Heynckes
6%
Gunnar Nordahl
5%
Telmo Zarra
5%
Alberto Gilardino
4%
Delio Onnis
4%
Ulf Kirsten
4%
César Rodriguez
3%
Giuseppe Signori
3%
Klaus Allofs
3%
Klaus Fischer
3%
Bernard Lacombe
2%
Carlos Bianchi
2%
Fleury Di Nallo
2%
Gordon Hodgson
2%
Gunnar Andersson
2%
Hervé Révelli
2%
Manfred Burgsmüller
2%
Pahino
2%
Quini
2%
Charlie Buchan
1%
David Jack
1%
Hughie Gallacher
1%
Joe Bradford
1%
José Altafini
1%
Joseph Ujlaki
1%
Kurt Hamrin
1%
Nat Lofthouse
1%
Roger Courtois
1%
Roger Piantoni
1%
Stefan Kuntz
1%
Steve Bloomer
1%
Thadée Cisowski
1%

Score Distribution

Percentile by Number Answered

Percent of People with Each Score

Your Score History

You have not taken this quiz since the last reset